000 00311nam a2200145Ia 4500
100 _aDeb/ Kalyanmoy
942 _cBK
654 _aComputer
245 _aOptimization for Engineering Design
260 _bP.H.I
_aNew Delhi
_c1995
082 _a5.1
_bDEB
300 _a381
546 _aENGLISH
999 _c27391
_d27391